Sports Quiz

Random Sports or NFL Quiz

NFL 0-10 Starts Quiz Stats

 Plays Quiz Updated Feb 20, 2019

Also try: NFL 10-0 Starts
Challenge
Share
Tweet
Embed
Score 0/19 Timer 02:00
5 Plays Today
Year Team % Correct
2017Cleveland Browns
97.7%
2016Cleveland Browns
96.6%
2001Detroit Lions
94.1%
2008Detroit Lions
94.1%
2007Miami Dolphins
79.2%
2011Indianapolis Colts
77.8%
1976Tampa Bay Buccaneers
77.8%
1977Tampa Bay Buccaneers
77.8%
1986Indianapolis Colts
77.6%
1997Indianapolis Colts
77.6%
Year Team % Correct
1983Houston Oilers
65.6%
1984Houston Oilers
65.6%
1971Buffalo Bills
65%
1984Buffalo Bills
65%
1993Cincinnati Bengals
64.9%
2014Oakland Raiders
64.1%
1980New Orleans Saints
61.8%
1975San Diego Chargers
60.9%
2000San Diego Chargers
60.9%

You're not logged in!

Compare scores with friends on all Sporcle quizzes.
OR
Log In

You Might Also Like...

Show Comments

Extras

Top Quizzes Today


Score Distribution

Your Account Isn't Verified!

In order to create a playlist on Sporcle, you need to verify the email address you used during registration. Go to your Sporcle Settings to finish the process.

Report this User

Report this user for behavior that violates our Community Guidelines.

Details: